00462nam a2200145Ia 4500008004100000100001700041245006700058245004100125260003900166260000900205300001100214650001800225650001500243856005800258170221s9999 xx 000 0 und d aTingkai Wang 2aA Multi-Robot System Based on A Hybrid Communication Approach  cTingkai Wang, Quan Dang, Peiyuan Pan bStudies in Media and Communication c2013 a33 : 4 xCommunication xMedia Arts uhttp://redfame.com/journal/index.php/smc/issue/view/3